Případy soudce Ti. Hodný, zlý a soudce Ti /
Detektivka z oblíbené série o moudrém soudci ze staré Číny, který tentokrát rozplétá zašmodrchané předivo několika souvisejících případů.
Uloženo v:
| Série: | Nové případy soudce Ti,
část 21 |
|---|---|
| Hlavní autor: | |
| Další autoři: | |
| Médium: | E-kniha |
| Jazyk: | Czech |
| Vydáno: |
Praha :
Garamond,
2021
|
| Vydání: | Vydání první |
| Edice: | Černá káva
|
| Témata: | |
| Příbuzné jednotky: | Z cyklu::
Nové případy soudce Ti |
| Tagy: |
Žádné tagy |
| LEADER | 03010nam a2200517 i 4500 | ||
|---|---|---|---|
| 001 | 311824 | ||
| 003 | CZ PrSKC | ||
| 005 | 20260601215712.0 | ||
| 007 | ta | ||
| 008 | 210429s2021 xr g 000 f cze | ||
| 015 | |a cnb003322073 | ||
| 020 | |a 9788074074882 |q (brožováno) | ||
| 035 | |a (OCoLC)1468020926 | ||
| 040 | |a ABG001 |b cze |e rda | ||
| 041 | 1 | |a cze |h fre | |
| 072 | 7 | |a 821.133.1-3 |x Francouzská próza, francouzsky psaná |2 Konspekt | |
| 080 | |a 821.133.1-31 |2 MRF | ||
| 080 | |a (0:82-312.4) |2 MRF | ||
| 080 | |a (0:82-311.6) |2 MRF | ||
| 100 | 1 | |a Lenormand, Frédéric, |d 1964- |7 mzk2006343198 |4 aut | |
| 240 | 1 | 0 | |a Bon, la brute et le juge Ti. |l Česky |
| 245 | 1 | 0 | |a Případy soudce Ti. |p Hodný, zlý a soudce Ti / |c Frédéric Lenormand ; z francouzštiny přeložila Vlasta Misařová |
| 246 | 3 | 0 | |a Hodný, zlý a soudce Ti |
| 250 | |a Vydání první | ||
| 264 | 1 | |a Praha : |b Garamond, |c 2021 | |
| 300 | |a 187 stran ; |c 19 cm | ||
| 336 | |a text |b txt |2 rdacontent | ||
| 337 | |a bez média |b n |2 rdamedia | ||
| 338 | |a svazek |b nc |2 rdacarrier | ||
| 490 | 1 | |a Černá káva | |
| 520 | 2 | |a Detektivka z oblíbené série o moudrém soudci ze staré Číny, který tentokrát rozplétá zašmodrchané předivo několika souvisejících případů. |b Existuje souvislost mezi vraždou válečného hrdiny rozřezaného na kusy, podezřelými aktivitami věhlasného kaligrafa, záhadným zmizením sbírky nefritů a nejasnostmi v manželství obchodníka s čajovými konvicemi? Zatímco v jeho podprefektuře padají hlavy, soudce Ti se snaží zjistit, co skrývá choť dovozce čajových konvic, překrásná paní Li. Jako by samotné vyšetřování těchto vražd nestačilo, mandarína každou noc povolává přízrak a vyžaduje způsobný pohřeb. S rozplétáním příze této navýsost čínsky důmyslné zápletky ctihodnému soudci Ti pomáhá jeho věrný pobočník Tao Kan, nenapravitelný kapsář neschopný opustit svědkův příbytek s prázdnými kapsami. Nakladatelská anotace. | |
| 655 | 7 | |a francouzské romány |7 fd132289 |2 czenas | |
| 655 | 7 | |a detektivní romány |7 fd132010 |2 czenas | |
| 655 | 7 | |a historické romány |7 fd132414 |2 czenas | |
| 655 | 9 | |a French fiction |2 eczenas | |
| 655 | 9 | |a detective novels |2 eczenas | |
| 655 | 9 | |a historical novels |2 eczenas | |
| 700 | 1 | |a Misařová, Vlasta, |d 1942- |7 jx20050720064 |4 trl | |
| 765 | 1 | |t Nouvelles enquêtes du juge Ti | |
| 787 | 0 | 8 | |i Z cyklu: |t Nové případy soudce Ti |g 21 |
| 830 | 0 | |a Černá káva | |
| 900 | |a ABA001 |b 20 | ||
| 044 | |a xr | ||
| 910 | |a RBIT002 | ||
| 998 | |d 367300 |a https://core.palmknihy.cz/api/books/367300/cover?si6vlo |b https://core.palmknihy.cz/api/books/367300/cover/400?si6vlo |c https://core.palmknihy.cz/api/books/367300/cover/50?si6vlo |e 2027-02-16 |g 192 |i 9788074074882 |j https://core.palmknihy.cz/api/books/367300/preview.epub |k https://core.palmknihy.cz/api/books/367300/preview.pdf |l |q 49 |r 1 |s https://www.palmknihy.cz/kniha/367300 |t ebook |y 2023 |z 0 |v Nové případy soudce Ti |w 21 | ||
| 999 | |d 311822 | ||